|
|
|
|
| LEADER |
00000nam0a2200000 4500 |
| 001 |
83605 |
| 005 |
20231031100238.0 |
| 010 |
|
|
|a 5482000044
|
| 035 |
|
|
|a (RuTPU)RU\TPU\book\89898
|
| 090 |
|
|
|a 83605
|
| 100 |
|
|
|a 20051019d2006 km y0rusy50 ca
|
| 101 |
0 |
|
|a rus
|
| 102 |
|
|
|a RU
|
| 105 |
|
|
|a y g 000zy
|
| 200 |
1 |
|
|a Страны и регионы мира
|e экономико-политический справочник
|f Московский государственный институт международных отношений (университет) МИД РФ; под ред. А. С. Булатова
|
| 210 |
|
|
|a Москва
|c Проспект
|d 2006
|
| 215 |
|
|
|a 618 с.
|
| 610 |
1 |
|
|a география
|
| 610 |
1 |
|
|a страны мира
|
| 610 |
1 |
|
|a экономика
|
| 610 |
1 |
|
|a политическое устройство
|
| 610 |
1 |
|
|a демография
|
| 610 |
1 |
|
|a социальное положение
|
| 610 |
1 |
|
|a население
|
| 610 |
1 |
|
|a территория
|
| 610 |
1 |
|
|a справочники
|
| 675 |
|
|
|a 91(035)
|v 3
|
| 686 |
|
|
|a У04(0)я2
|v LBC/SL-A
|2 rubbk
|
| 702 |
|
1 |
|a Булатов
|b А. С.
|4 340
|
| 712 |
0 |
2 |
|a Московский государственный институт международных отношений (университет) МИД РФ
|2 stltpush
|3 (RuTPU)RU\TPU\col\364
|
| 801 |
|
1 |
|a RU
|b 63413507
|c 20051019
|g PSBO
|
| 801 |
|
2 |
|a RU
|b 63413507
|c 20150605
|g PSBO
|
| 942 |
|
|
|c BK
|
| 959 |
|
|
|a 84/20051019
|d 3
|e 184,25
|f АНЛ:1
|f ЧЗГЛ:1
|f ЧЗСИО:1
|